Rozpoznaj kraj po wskazówkach #4 - Statystyki

Ogólne statystyki
  • Ten quiz został rozwiązany 271 razy
  • Średni wynik to 12 z 15
Statystyki odpowiedzi
Kontynent Pierwsza litera Morze/ocean graniczący z krajem Kraj % Poprawnych
Ameryka Płd C Ocean Spokojny Chile
95%
Europa L Morze Bałtyckie Litwa
93%
Europa P Ocean Atlantycki Portugalia
93%
Europa L - Liechtenstein
91%
Azja W Morze Południowochińskie Wietnam
89%
Azja M - Mongolia
80%
Ameryka Płn H Morze Karaibskie Honduras
79%
Europa W - Watykan
79%
Ameryka Płd P - Paragwaj
78%
Azja B Zatoka Bengalska Bangladesz
77%
Azja P Morze Arabskie Pakistan
76%
Afryka S Ocean Atlantycki Senegal
75%
Afryka T Ocean Indyjski Tanzania
63%
Afryka N Ocean Atlantycki Namibia
62%
Afryka R - Republika Środkowoafrykańska
51%
Nie znaleziono quizów pasujących do podanych kryteriów
Rozkład punktacji
Procent ludzi z każdym wynikiem
Percentyl według liczby udzielonych odpowiedzi
Twoja historia wyników
Nie rozwiązałeś tego quizu